<?xml version="1.0" encoding="UTF-8"?>
<record
    xmlns:xsi="http://www.w3.org/2001/XMLSchema-instance"
    xsi:schemaLocation="http://www.loc.gov/MARC21/slim http://www.loc.gov/standards/marcxml/schema/MARC21slim.xsd"
    xmlns="http://www.loc.gov/MARC21/slim">

  <leader>01378    a2200145   4500</leader>
  <controlfield tag="008">120703t        ag||||| |||| 00| 0 spa d</controlfield>
  <datafield tag="050" ind1="0" ind2="4">
    <subfield code="a">ML390</subfield>
    <subfield code="b">M34 1945</subfield>
  </datafield>
  <datafield tag="245" ind1="0" ind2="4">
    <subfield code="a">Los maestros de la m&#xFA;sica</subfield>
    <subfield code="b"> : historia de la m&#xFA;sica a trav&#xE9;s de la vida de los grandes m&#xFA;sicos</subfield>
    <subfield code="c"> / Editorial Tor</subfield>
  </datafield>
  <datafield tag="250" ind1=" " ind2=" ">
    <subfield code="a">1a ed.</subfield>
  </datafield>
  <datafield tag="260" ind1=" " ind2=" ">
    <subfield code="a">Buenos Aires :</subfield>
    <subfield code="b">Tor, Editorial de grandes biograf&#xED;as,</subfield>
    <subfield code="c">[1943]</subfield>
  </datafield>
  <datafield tag="300" ind1=" " ind2=" ">
    <subfield code="a">v. ;</subfield>
    <subfield code="c">18 cm.</subfield>
  </datafield>
  <datafield tag="505" ind1="1" ind2=" ">
    <subfield code="a">Contenido : [v. 5] Verdi / Arnaldo Bonaventura ; traducci&#xF3;n de Francisco Courolle.-- [v.6] Massenet / Rene Brancour ; traducci&#xF3;n de Francisco Courolle.-- [v.8] Gounod / Camilo Bellaigue ; traducci&#xF3;n de E. F. Labrousse.-- [v.9] Liszt / Jean Chantavoine ; traducci&#xF3;n de Pedro E. F. Labrousse.-- [v.10] Rossini / Enrique de Curzon ; traducci&#xF3;n de Pedro E. F. Labrousse.-- [v.11] Meendelssohn / Camille Bellaigue ; traducci&#xF3;n de Pedro E. F. Labrousse.-- [v.12] Albeniz y Granados / Henri Collet ; traducci&#xF3;n de Pedro Labrousse.-- [v.13] Mussorgsky / M. D. Calvocoressi ; traducci&#xF3;n de Eduardo L. Chavarri.-- [v.15] Chopin / Henri Bidou ; traducci&#xF3;n de Alberto Puccio.-- [v.16] Saint-Sa&#xEB;ns / George Servieres ; traducci&#xF3;n de Alberto Puccio.-- [v.17] Bizet / Paul Landormy ; traducci&#xF3;n de Alberto Puccio.-- [v.18] Haendel / Romain Rolland ; traducci&#xF3;n de Alberto Puccio</subfield>
  </datafield>
  <datafield tag="650" ind1=" " ind2="7">
    <subfield code="2">LEMB</subfield>
    <subfield code="a">M&#xFA;sica</subfield>
    <subfield code="x">Compositores</subfield>
    <subfield code="v">Biograf&#xED;as</subfield>
  </datafield>
  <datafield tag="942" ind1=" " ind2=" ">
    <subfield code="2">lcc</subfield>
    <subfield code="c">LIB</subfield>
  </datafield>
  <datafield tag="999" ind1=" " ind2=" ">
    <subfield code="c">32032</subfield>
    <subfield code="d">32032</subfield>
  </datafield>
  <datafield tag="952" ind1=" " ind2=" ">
    <subfield code="1">0</subfield>
    <subfield code="2">lcc</subfield>
    <subfield code="4">0</subfield>
    <subfield code="7">0</subfield>
    <subfield code="a">LIC-037</subfield>
    <subfield code="b">LIC-037</subfield>
    <subfield code="c">GENERAL</subfield>
    <subfield code="d">2012-07-03</subfield>
    <subfield code="o">ML390 M34 [1943] [V.5]</subfield>
    <subfield code="p">BBA000001232</subfield>
    <subfield code="r">2012-07-03 00:00:00</subfield>
    <subfield code="t">1</subfield>
    <subfield code="y">LIB</subfield>
  </datafield>
  <datafield tag="952" ind1=" " ind2=" ">
    <subfield code="1">0</subfield>
    <subfield code="2">lcc</subfield>
    <subfield code="4">0</subfield>
    <subfield code="7">0</subfield>
    <subfield code="a">LIC-037</subfield>
    <subfield code="b">LIC-037</subfield>
    <subfield code="c">GENERAL</subfield>
    <subfield code="d">2012-07-03</subfield>
    <subfield code="o">ML390 M34 [1942] [V.6]</subfield>
    <subfield code="p">BBA000001233</subfield>
    <subfield code="r">2012-07-03 00:00:00</subfield>
    <subfield code="t">1</subfield>
    <subfield code="y">LIB</subfield>
  </datafield>
  <datafield tag="952" ind1=" " ind2=" ">
    <subfield code="1">0</subfield>
    <subfield code="2">lcc</subfield>
    <subfield code="4">0</subfield>
    <subfield code="7">0</subfield>
    <subfield code="a">LIC-037</subfield>
    <subfield code="b">LIC-037</subfield>
    <subfield code="c">GENERAL</subfield>
    <subfield code="d">2012-07-03</subfield>
    <subfield code="o">ML390 M34 [1943] [V.8]</subfield>
    <subfield code="p">BBA000001234</subfield>
    <subfield code="r">2015-01-16 00:00:00</subfield>
    <subfield code="t">1</subfield>
    <subfield code="y">LIB</subfield>
  </datafield>
  <datafield tag="952" ind1=" " ind2=" ">
    <subfield code="1">0</subfield>
    <subfield code="2">lcc</subfield>
    <subfield code="4">0</subfield>
    <subfield code="7">0</subfield>
    <subfield code="a">LIC-037</subfield>
    <subfield code="b">LIC-037</subfield>
    <subfield code="c">GENERAL</subfield>
    <subfield code="d">2012-07-03</subfield>
    <subfield code="o">ML390 M34 [1945] [V.9]</subfield>
    <subfield code="p">BBA000001235</subfield>
    <subfield code="r">2012-07-03 00:00:00</subfield>
    <subfield code="t">1</subfield>
    <subfield code="y">LIB</subfield>
  </datafield>
  <datafield tag="952" ind1=" " ind2=" ">
    <subfield code="1">0</subfield>
    <subfield code="2">lcc</subfield>
    <subfield code="4">0</subfield>
    <subfield code="7">0</subfield>
    <subfield code="a">LIC-037</subfield>
    <subfield code="b">LIC-037</subfield>
    <subfield code="c">GENERAL</subfield>
    <subfield code="d">2012-07-03</subfield>
    <subfield code="o">ML390 M34  [V.10]</subfield>
    <subfield code="p">BBA000001236</subfield>
    <subfield code="r">2015-01-16 00:00:00</subfield>
    <subfield code="t">1</subfield>
    <subfield code="y">LIB</subfield>
  </datafield>
  <datafield tag="952" ind1=" " ind2=" ">
    <subfield code="1">0</subfield>
    <subfield code="2">lcc</subfield>
    <subfield code="4">0</subfield>
    <subfield code="7">0</subfield>
    <subfield code="a">LIC-037</subfield>
    <subfield code="b">LIC-037</subfield>
    <subfield code="c">GENERAL</subfield>
    <subfield code="d">2012-07-03</subfield>
    <subfield code="o">ML390 M34 [1943] [V.11]</subfield>
    <subfield code="p">BBA000001237</subfield>
    <subfield code="r">2015-01-16 00:00:00</subfield>
    <subfield code="t">1</subfield>
    <subfield code="y">LIB</subfield>
  </datafield>
  <datafield tag="952" ind1=" " ind2=" ">
    <subfield code="1">0</subfield>
    <subfield code="2">lcc</subfield>
    <subfield code="4">0</subfield>
    <subfield code="7">0</subfield>
    <subfield code="a">LIC-037</subfield>
    <subfield code="b">LIC-037</subfield>
    <subfield code="c">GENERAL</subfield>
    <subfield code="d">2012-07-04</subfield>
    <subfield code="o">ML390 M34 [1943] [V.12]</subfield>
    <subfield code="p">BBA000001238</subfield>
    <subfield code="r">2015-01-16 00:00:00</subfield>
    <subfield code="t">1</subfield>
    <subfield code="y">LIB</subfield>
  </datafield>
  <datafield tag="952" ind1=" " ind2=" ">
    <subfield code="1">0</subfield>
    <subfield code="2">lcc</subfield>
    <subfield code="4">0</subfield>
    <subfield code="7">0</subfield>
    <subfield code="a">LIC-037</subfield>
    <subfield code="b">LIC-037</subfield>
    <subfield code="c">GENERAL</subfield>
    <subfield code="d">2012-07-04</subfield>
    <subfield code="o">ML390 M34 [1943] [V.13]</subfield>
    <subfield code="p">BBA000001239</subfield>
    <subfield code="r">2015-01-16 00:00:00</subfield>
    <subfield code="t">1</subfield>
    <subfield code="y">LIB</subfield>
  </datafield>
  <datafield tag="952" ind1=" " ind2=" ">
    <subfield code="1">0</subfield>
    <subfield code="2">lcc</subfield>
    <subfield code="4">0</subfield>
    <subfield code="7">0</subfield>
    <subfield code="a">LIC-037</subfield>
    <subfield code="b">LIC-037</subfield>
    <subfield code="c">GENERAL</subfield>
    <subfield code="d">2012-07-04</subfield>
    <subfield code="o">ML390 M34 [1944] [V.15]</subfield>
    <subfield code="p">BBA000001240</subfield>
    <subfield code="r">2015-01-16 00:00:00</subfield>
    <subfield code="t">1</subfield>
    <subfield code="y">LIB</subfield>
  </datafield>
  <datafield tag="952" ind1=" " ind2=" ">
    <subfield code="1">0</subfield>
    <subfield code="2">lcc</subfield>
    <subfield code="4">0</subfield>
    <subfield code="7">0</subfield>
    <subfield code="a">LIC-037</subfield>
    <subfield code="b">LIC-012</subfield>
    <subfield code="c">GENERAL</subfield>
    <subfield code="d">2012-07-04</subfield>
    <subfield code="o">ML390 M34 [1944] [V.16]</subfield>
    <subfield code="p">BBA000001241</subfield>
    <subfield code="r">2015-01-16 00:00:00</subfield>
    <subfield code="t">1</subfield>
    <subfield code="y">LIB</subfield>
  </datafield>
  <datafield tag="952" ind1=" " ind2=" ">
    <subfield code="1">0</subfield>
    <subfield code="2">lcc</subfield>
    <subfield code="4">0</subfield>
    <subfield code="7">0</subfield>
    <subfield code="a">LIC-037</subfield>
    <subfield code="b">LIC-037</subfield>
    <subfield code="c">GENERAL</subfield>
    <subfield code="d">2012-07-04</subfield>
    <subfield code="o">ML390 M34 [1944] [V.17]</subfield>
    <subfield code="p">BBA000001242</subfield>
    <subfield code="r">2015-01-16 00:00:00</subfield>
    <subfield code="t">1</subfield>
    <subfield code="y">LIB</subfield>
  </datafield>
  <datafield tag="952" ind1=" " ind2=" ">
    <subfield code="1">0</subfield>
    <subfield code="2">lcc</subfield>
    <subfield code="4">0</subfield>
    <subfield code="7">0</subfield>
    <subfield code="a">LIC-037</subfield>
    <subfield code="b">LIC-037</subfield>
    <subfield code="c">GENERAL</subfield>
    <subfield code="d">2012-07-04</subfield>
    <subfield code="o">ML390 M34 [1944] [V.18]</subfield>
    <subfield code="p">BBA000001243</subfield>
    <subfield code="r">2015-01-16 00:00:00</subfield>
    <subfield code="t">1</subfield>
    <subfield code="y">LIB</subfield>
  </datafield>
</record>
